000 00546cam a22001931a 4500
001 ne 64002323
003 DLC
005 20260227111804.0
008 831005s1958 ua 000 0 arar
010 _ane 64002323
035 _a(OCoLC)9982931
040 _aDLC
_cTxU
_dDLC
042 _apremarc
050 0 0 _aCT203.A7
_bJ33
245 1 0 _aMulūk wa-ṣaʻālīk,
_bʻushrūn sīrah.
_c[taʼlīf] Ṣāliḥ Jawdat.
260 _aal-Qāhirah,
_bMaktabat al-Nahḍah al-Miṣrīyah,
_c1958.
300 _a343 p. ;
_c20 cm.
650 0 _aBiography.
999 _c47400
_d47400